A truth Universally Acknowledged : (Record no. 16712)
[ view plain ]
| 000 -LEADER | |
|---|---|
| fixed length control field | 02974cam a2200349 a 4500 |
| 001 - CONTROL NUMBER | |
| control field | 15682518 |
| 003 - CONTROL NUMBER IDENTIFIER | |
| control field | EG-ScBUE |
| 005 - DATE AND TIME OF LATEST TRANSACTION | |
| control field | 20220104140505.0 |
| 008 - FIXED-LENGTH DATA ELEMENTS--GENERAL INFORMATION | |
| fixed length control field | 090401s2009 nyu f b 000 0 eng d |
| 020 ## - INTERNATIONAL STANDARD BOOK NUMBER | |
| International Standard Book Number | 0812980018 |
| 020 ## - INTERNATIONAL STANDARD BOOK NUMBER | |
| International Standard Book Number | 9780812980011 |
| 040 ## - CATALOGING SOURCE | |
| Original cataloging agency | DLC |
| Language of cataloging | eng |
| Description conventions | rda |
| Transcribing agency | DLC |
| Modifying agency | YDX |
| -- | SNM |
| -- | DLC |
| -- | EG-ScBUE |
| 082 04 - DEWEY DECIMAL CLASSIFICATION NUMBER | |
| Classification number | 823.7 |
| Edition number | 22 |
| Item number | TRU |
| 245 02 - TITLE STATEMENT | |
| Title | A truth Universally Acknowledged : |
| Remainder of title | 33 Great Writers on Why we Read Jane Austen / |
| Statement of responsibility, etc | edited by Susannah Carson ; foreword by Harold Bloom. |
| 246 33 - VARYING FORM OF TITLE | |
| Title proper/short title | Truth universally acknowledged : |
| Remainder of title | thirty three great writers on why we read Jane Austen |
| 264 #1 - PUBLICATION, DISTRIBUTION, ETC. (IMPRINT) | |
| Place of publication, distribution, etc | New York : |
| Name of publisher, distributor, etc | Random House, |
| Date of publication, distribution, etc | 2009. |
| 300 ## - PHYSICAL DESCRIPTION | |
| Extent | xx, 295 pages ; |
| Dimensions | 24 cm |
| 336 ## - CONTENT TYPE | |
| Source | rdacontent |
| Content type term | text |
| Content type code | txt |
| 337 ## - MEDIA TYPE | |
| Source | rdamedia |
| Media type term | unmediated |
| Media type code | n |
| 338 ## - CARRIER TYPE | |
| Source | rdacarrier |
| Carrier type term | volume |
| Carrier type code | nc |
| 504 ## - BIBLIOGRAPHY, ETC. NOTE | |
| Bibliography, etc | Includes bibliographic references. |
| 505 0# - FORMATTED CONTENTS NOTE | |
| Formatted contents note | Why we read Jane Austen : young persons in interesting situations / Susanna Clarke -- The radiance of Jane Austen / Eudora Welty -- Six reasons to read Jane Austen / Rebecca Mead -- Jane Austen : the six novels / E. M. Forster -- A life among the manuscripts : following in the steps of Dr. Chapman / Brian Southam -- Reading Northanger Abbey / Susannah Carson -- On Sense and Sensibility / Ian Watt -- From "Why we read Jane Austen" / Lionel Trilling -- Jane Austen and Pride and Prejudice / W. Somerset Maugham -- Force of love : Price and Prejudice by Jane Austen / Martin Amis -- The nerds of Pride and Prejudice / Benjamin Nugent -- Austen portrays a small world with humor and detachment / J. B. Priestley -- Pride and Prejudice and the mysteries of life / Anna Quindlen -- A note on Jane Austen / C. S. Lewis -- Jane Austen and the good life / Louis Auchincloss -- What became of Jane Austen? / Kingsley Amis -- from "Jane Austen : Mansfield Park" / A. S. Byatt, Ignes Sodre -- The modest art of altering life / Alain De Botton -- Let others deal with misery / Fay Weldon -- Fanny was right : Jane Austen as moral guide / James Collins -- Why I like Jane Austen / Janet Todd -- Why do we read Jane Austen? / John Wiltshire -- The girls who don't say "whoo!" / Amy Heckerling -- Reading and rereading Emma / David Lodge -- from "Emma and the legend of Jane Austen" / Lionel Trilling -- The perfections of Jane Austen / Eva Brann -- from "The myth of limitation" / Donald Greene -- Terrible Jane / Amy Bloom -- Some thoughts on the craft of Austen's Persuasion / Diane Johnson -- Nothing but himself / Margot Livesey -- Jane Austen at sixty / Virginia Woolf -- Beautiful minds / Jay MacInerney. |
| 600 17 - SUBJECT ADDED ENTRY--PERSONAL NAME | |
| Personal name | Austen, Jane, |
| Dates associated with a name | 1775-1817 |
| General subdivision | Appreciation. |
| Source of heading or term | BUEsh |
| 9 (RLIN) | 29837 |
| 600 17 - SUBJECT ADDED ENTRY--PERSONAL NAME | |
| Personal name | Austen, Jane, |
| Dates associated with a name | 1775-1817 |
| General subdivision | Influence. |
| Source of heading or term | BUEsh |
| 9 (RLIN) | 29838 |
| 650 ## - SUBJECT ADDED ENTRY--TOPICAL TERM | |
| Source of heading or term | BUEsh |
| 651 ## - SUBJECT ADDED ENTRY--GEOGRAPHIC NAME | |
| Source of heading or term | BUEsh |
| 653 ## - INDEX TERM--UNCONTROLLED | |
| Arrived date list | May2012 |
| Resource For college | Humanities: English |
| 655 ## - INDEX TERM--GENRE/FORM | |
| Form subdivision | Reading book |
| 9 (RLIN) | 34232 |
| 700 1# - ADDED ENTRY--PERSONAL NAME | |
| Personal name | Carson, Susannah, |
| Relator term | editor. |
| 9 (RLIN) | 29839 |
| 942 ## - ADDED ENTRY ELEMENTS (KOHA) | |
| Source of classification or shelving scheme | Dewey Decimal Classification |
| Koha item type | Book - Borrowing |
| Withdrawn status | Lost status | Source of classification or shelving scheme | Damaged status | Not for loan | Collection code | Home library | Current library | Shelving location | Date acquired | Source of acquisition | Cost, normal purchase price | Serial Enumeration / chronology | Total Checkouts | Full call number | Barcode | Date last seen | Price effective from | Koha item type |
|---|---|---|---|---|---|---|---|---|---|---|---|---|---|---|---|---|---|---|
| Dewey Decimal Classification | Baccah | Central Library | Central Library | Second Floor | 06/05/2012 | 95.00 | 15016 | 823.7 TRU | 000026748 | 15/07/2025 | 06/05/2012 | Book - Borrowing |